000 00582nam a2200193Ia 4500
005 20250507130208.0
008 008 250505s9999 xx 000 0 eng d
037 _aSeries Article
040 _aEASL
_beng
_cEASL
041 _aeng
_2eng
084 _qEASL
100 _aWielander Gerda
_9668743
245 0 _aBeyond repression and resistance-Christian love and china 's harmonious society
260 _aAustralia
_bCanberra Australian National University Australia
_c2011
300 _a119-140
650 _aChina
942 _cSRA
999 _c1318250
_d1318250